00320nam a2200121Ia 4500008004100000041000800041082001600049100001900065245003100084260004400115300003200159365000700191240624s9999 xx 000 0 und d aeng a808.882 BRA aBRAUDE JACOB M aQUIPS QUOTES AND ANECDOTES c2003aNew DelhibJaico Publishing House axiii, : 426 : p. : cm. ; 17 cRS